Gaming Quiz

Random Gaming or Japanese Quiz

Fire Emblem Awakening: Characters by Japanese Name Quiz Stats

Quiz not verified by Sporcle

Challenge
Share
Tweet
Embed
Score 0/27 Timer 10:00
0 Plays Today
Japanese Name English Name % Correct
SerenaSevera
94.3%
EmerinaEmmeryn
89.9%
LizLissa
88%
ValhaltWalhart
85.4%
NnNah
82.9%
NonoNowi
81%
GuireGaius
73.4%
VelvetPanne
70.9%
AzurInigo
68.4%
SallyaTharja
67.1%
RefletRobin
66.5%
MarcMorgan
64.6%
TiamoCordelia
62.7%
InverseAversa
61.8%
Japanese Name English Name % Correct
ViaurVirion
60.1%
DenisDonnel
57%
SoireeSully
53.8%
SergeCherche
53.8%
SortStahl
49.4%
EudesOwain
48.1%
ChambrayYarne
48.1%
WyckVaike
45.6%
ParisPriam
44.9%
RivieraLibra
44.3%
LichtRicken
43%
DegelKjelle
35.4%
LenhaYen'fay
30.6%

You're not logged in!

Compare scores with friends on all Sporcle quizzes.
Join for Free
OR
Log In

You Might Also Like...

Show Comments

Extras

Top Quizzes Today


Score Distribution

Your Account Isn't Verified!

In order to create a playlist on Sporcle, you need to verify the email address you used during registration. Go to your Sporcle Settings to finish the process.

Report this User

Report this user for behavior that violates our Community Guidelines.

Details: